| 000 | 00358nam a22001577a 4500 | ||
|---|---|---|---|
| 003 | SGT | ||
| 020 | _a978-81-317-1297-9 | ||
| 082 |
_a150 _bF19C |
||
| 100 | _aCARLSON, NEIL R. | ||
| 245 | _aFUNDAMENTAL OF PHYSIOLOGICAL PSYCHOLOGY | ||
| 250 | _a6TH | ||
| 260 |
_aINDIA _bPEARSON PUB _c2019 |
||
| 300 | _a576 | ||
| 650 | _aPSYCHOLOGY | ||
| 942 |
_2ddc _cBK |
||
| 999 |
_c20098 _d20098 |
||